Statistics for Official Languages of the United Kingdom

Click here to take the quiz!

General Stats

  • This quiz has been taken 60 times
  • The average score is 7 of 15

Answer Stats

StatusAnswer% Correct
National languageEnglish
100%
Recognized minority language in Northern IrelandIrish
96%
Official in Wales; recognized minority language in EnglandWelsh
91%
Official in ScotlandScots
78%
Official in JerseyFrench
69%
Official in the Isle of ManManx
61%
Recognized minority language in EnglandCornish
52%
Official in ScotlandScottish Gaelic
52%
Official in JerseyJèrriais
26%
Official in the Pitcairn IslandsPitkern
13%
Recognized minority language in Northern IrelandUlster Scots
9%
Official in Scotland; recognized minority language in England and WalesBritish Sign Language
7%
Language spoken by the majority of the population of GibraltarLlanito
4%
Official in GuernseyGuernésais
2%
Recognized regional language in GuernseySercquiais
2%

Score Distribution

Percentile by Number Answered

Percent of People with Each Score

Your Score History

You have not taken this quiz